000 00811nai a2200217Ia 4500
003 IN-BaIIA
008 211028c9999 xx s 000 0 eng d
022 _a1534-4320 (Print)
022 _a1558-0210 (Online)
040 _cIIA Library
245 0 _aIEEE Transactions on Neural Systems and Rehabilitation Engineering
_h[eJournal]
260 _aNew York, USA
_bThe Institute of Electrical and Electronics Engineers, Inc. (IEEE)
310 _aBimonthly
362 _a9(1); 2001 - Present
521 _bSubscribed through National Knowledge Resource Consortium (NKRC)
650 _a Computing and Processing
_948785
650 _a Robotics and Control Systems
650 _aBioengineering
856 _uhttps://ieeexplore.ieee.org/servlet/opac?punumber=7333
_yClick Here to Access eJournal
942 _cEJ
999 _c34712
_d34712